| 000 | 00603nam a2200205 i 4500 | ||
|---|---|---|---|
| 001 | bgj | ||
| 100 | 1 | _aSZPILA, Grzegorz | |
| 245 | 1 | 0 |
_aAn English-Polish dictionary of false friends = _bAngielsko-polski słownik fałszywych przyjaciół / _cGrzegorz Szpila. |
| 260 |
_aKraków : _bWydawnictwo Egis Sp. z o. o., _ccop. 2003. |
||
| 300 |
_a303 pp ; _c25 cm. |
||
| 650 | 9 | _aEnglish language | |
| 650 | 9 | _aFalse friends | |
| 655 | _aDictionaries | ||
| 020 | _a8389350742 | ||
| 040 | _cBPK | ||
| 041 | 0 | _aeng | |
| 920 | _a83-89350-74-2 | ||
| 942 | _cKS | ||
| 008 | s uk f |000 0 eng | ||
| 999 |
_c48748 _d48748 |
||
| 856 |
_uhttp://koha.tu.koszalin.pl/cgi-bin/koha/opac-detail.pl?biblionumber=48748 _yKatalog online BPK |
||